00414nam a2200133 a 450000100100000000500170001000800410002704000250006808200150009311000410010824500430014926000660019230000220025800003161920200930063046.0110628s2007 dr 000 0 spa d aDO-SdBNPbspacBNPHU axxxxbU58c2 aUniversidad Católica Santo Domingo10aCuadragésima graduación ordinaria. aSanto Domingo :bUniversidad Católica Santo Domingo,c2007. a[36 p.] ;c21 cm.